000 00560nam a2200217 a 4500
999 _c5019
_d5019
001 5019
003 BD-JhCC
005 20171207091325.0
008 171207s1964 e |||| || | 000 0 eng d
035 _a(BD-JhCC)5019
040 _aBD-JhCC
_dBD-JhCC
041 _aeng
082 _a821
_bBUT 1964
100 _aButt, John
245 _aWordsworth Selected Poetry and Prose /
_cJohn Butt,
260 _aLondon :
_bOxford University Press,
_c1964.
300 _a240 cm.
_c19 cm.
650 _aSelected Poetry and Prose
942 _2ddc
_cBK